000 00632nam a2200205 4500
001 109653
003 ES-MaACL
005 20230906184901.0
007 t|
008 061121s1952 sp r ||||1| spa d
100 1 _aOmaechevarría, Ignacio.
_987029
245 1 0 _aPalestina /
_cpor el Padre Ignacio Omaechevarría ; prólogo del Rvdo. P. Legisima.
260 _aMadrid :
_bPrensa Española,
_c1952.
300 _a116 p. :
_bil ;
_c19 cm.
490 1 _aColección A.B.C.
700 1 _aLegísima, Juan R. de.
_971282
830 0 _aColección A.B.C.
_9232987
852 _aES-MaACL
_jD-7896
_bR.31897
999 _c109653
_d109653